| 000 | 00854nam a2200241 a 4500 | ||
|---|---|---|---|
| 001 | 6001 | ||
| 003 | CDMR | ||
| 005 | 20131113141644.0 | ||
| 008 | 130220s2000||||||||||||||||||||||||||||d | ||
| 020 | _a8474763118 | ||
| 040 |
_aCDMR _bcat _cCDMR |
||
| 100 | 1 |
_aCanel, María José _9370 |
|
| 245 | 1 | 0 |
_aPeriodistas al descubierto _b: retrato de los profesionales de la información _cMaría José Canel, Roberto Rodríguez Andrés i José Javier Sánchez Aranda |
| 260 |
_aMadrid _bCentro de Investigaciones Sociológicas _c2000 |
||
| 300 |
_a167 p ; _c30 cm |
||
| 490 | 0 |
_aOpiniones y actitudes _v33 |
|
| 650 | 0 | 4 |
_93726 _aPeriodistes _zEspanya |
| 650 | 0 | 4 |
_93083 _aCompetències professionals |
| 650 | 0 | 4 |
_94341 _aMercat de treball _zEspanya |
| 700 | 1 |
_94348 _aRodríguez Andrés, Roberto |
|
| 700 | 1 |
_91133 _aSánchez Aranda, José Javier |
|
| 942 |
_cMON _2udc |
||
| 999 |
_c6001 _d6001 |
||